000 00568nam a22001817a 4500
005 20251108165008.0
008 250721s1982 xx 000 0 ara d
082 1 4 _a658.4034/فؤا
100 1 _aسالم، فؤاد الشيخ
245 1 0 _aأساليب العمليات في الإدارة /
264 1 _aعمان :
_bالمنظمة العربية للعلوم الأدارية،
_c1982.
300 _a117ص
650 1 7 _aالإدارة
650 1 7 _aتقنيات الإدارة
700 1 _aحسن، فالح محمد
942 _2ddc
_cBK
999 _c19377
_d19377